[Event "Lippe Cup 02nd"]
[Site "Lieme"]
[Date "2005.10.08"]
[Round "2"]
[White "Boie, Ludwig"]
[Black "Dargel, Manuel"]
[Result "0-1"]
[WhiteElo "1796"]
[BlackElo "2118"]
[PlyCount "54"]
[EventDate "2005.10.07"]
[EventType "swiss"]
[EventRounds "5"]
[EventCountry "GER"]
[SourceTitle "EXT 2012"]
[Source "ChessBase"]
[SourceDate "2011.11.24"]
[SourceVersion "1"]
[SourceVersionDate "2011.11.24"]
[SourceQuality "1"]

1. d4 d5 2. c4 e6 3. Nc3 c5 4. cxd5 exd5 5. Nf3 Nc6 6. g3 Nf6 7. Bg2 Be7 8. 0-0 0-0 9. Bg5 c4 10. Ne5 Be6 11. e4 Nxe4 12. Nxc6 bxc6 13. Bxe7 Nxc3 14. Bxd8 Nxd1 15. Be7 Nxb2 16. Bxf8 Kxf8 17. Rfc1 Bf5 18. Bf1 Rb8 19. Rc3 Ke7 20. Ra3 Rb7 21. Re1+ Kd6 22. h3 Nd3 23. Re3 Nb4 24. g4 Bb1 25. Re8 Nc2 26. Ra6 Nxd4 27. Bg2 c3 0-1

[Event "Moehnesee Cup-A"]
[Site "Moehnesee"]
[Date "2005.08.19"]
[Round "2"]
[White "Klein, Gernot"]
[Black "Boie, Ludwig"]
[Result "1-0"]
[WhiteElo "2000"]
[BlackElo "1796"]
[PlyCount "65"]
[EventDate "2005.08.18"]
[EventType "swiss"]
[EventRounds "7"]
[EventCountry "GER"]
[SourceTitle "CBM 108 Extra"]
[Source "ChessBase"]
[SourceDate "2005.11.04"]
[SourceVersion "1"]
[SourceVersionDate "2005.11.04"]
[SourceQuality "1"]

1. e4 e5 2. Nf3 Nc6 3. Bb5 a6 4. Ba4 Nf6 5. Qe2 d6 6. 0-0 Be7 7. c3 b5 8. Bc2 0-0 9. Rd1 Bg4 10. d4 Qc8 11. a4 Rb8 12. axb5 axb5 13. d5 Nd8 14. Nbd2 c6 15. Nf1 cxd5 16. exd5 Bf5 17. Nxe5 Bxc2 18. Qxc2 dxe5 19. d6 Bxd6 20. Rxd6 Ne6 21. Qe2 Qc5 22. Rda6 e4 23. Be3 Qc4 24. Qe1 Rfd8 25. h3 Qb3 26. Qc1 Qd5 27. Qe1 Qd3 28. Ng3 Qd5 29. Ne2 Nc5 30. Bxc5 Qxc5 31. Nd4 b4 32. Nc6 bxc3 33. Qxc3 1-0

[Event "Lippe Cup 01st"]
[Site "Lieme"]
[Date "2004.10.24"]
[Round "5"]
[White "Boie, Ludwig"]
[Black "Henkemeier, Michael"]
[Result "1/2-1/2"]
[WhiteElo "1818"]
[BlackElo "1757"]
[PlyCount "59"]
[EventDate "2004.10.22"]
[EventType "swiss"]
[EventRounds "5"]
[EventCountry "GER"]
[SourceTitle "EXT 2012"]
[Source "ChessBase"]
[SourceDate "2011.11.24"]
[SourceVersion "1"]
[SourceVersionDate "2011.11.24"]
[SourceQuality "1"]

1. d4 Nf6 2. Nf3 g6 3. e3 Bg7 4. Bd3 d5 5. Nbd2 0-0 6. h3 Nbd7 7. 0-0 b6 8. c3 Bb7 9. Re1 c5 10. e4 dxe4 11. Nxe4 cxd4 12. cxd4 h6 13. Nxf6+ Nxf6 14. Be3 Rc8 15. Qe2 Qd5 16. b3 Qh5 17. Rac1 Bxf3 18. Qxf3 Qxf3 19. gxf3 e6 20. Ba6 Rxc1 21. Rxc1 Nd5 22. a3 Rd8 23. Kf1 Kf8 24. Ke2 Ke7 25. f4 Kf6 26. Kf3 Bf8 27. b4 Bd6 28. Rc6 Bxb4 29. axb4 Nxb4 30. Rc8 1/2-1/2

[Event "Lippe Cup 01st"]
[Site "Lieme"]
[Date "2004.10.24"]
[Round "4"]
[White "Geisser, Gerd"]
[Black "Boie, Ludwig"]
[Result "1-0"]
[WhiteElo "1744"]
[BlackElo "1818"]
[PlyCount "45"]
[EventDate "2004.10.22"]
[EventType "swiss"]
[EventRounds "5"]
[EventCountry "GER"]
[SourceTitle "EXT 2012"]
[Source "ChessBase"]
[SourceDate "2011.11.24"]
[SourceVersion "1"]
[SourceVersionDate "2011.11.24"]
[SourceQuality "1"]

1. e4 e5 2. Bc4 Nc6 3. Nf3 Nf6 4. d3 Be7 5. 0-0 d6 6. h3 Na5 7. Nbd2 Nxc4 8. Nxc4 c5 9. Re1 0-0 10. c3 Qc7 11. Bg5 Be6 12. Ne3 h6 13. Bh4 Nh7 14. Bxe7 Qxe7 15. d4 Rad8 16. d5 Bc8 17. Qd3 g6 18. Nh2 f5 19. exf5 gxf5 20. Nc4 Rf6 21. f4 e4 22. Qg3+ Rg6 23. Qxg6+ 1-0

[Event "Lippe Cup 01st"]
[Site "Lieme"]
[Date "2004.10.23"]
[Round "3"]
[White "Elefteriadis, Paul Gabriel"]
[Black "Boie, Ludwig"]
[Result "1-0"]
[WhiteElo "1765"]
[BlackElo "1818"]
[PlyCount "47"]
[EventDate "2004.10.22"]
[EventType "swiss"]
[EventRounds "5"]
[EventCountry "GER"]
[SourceTitle "EXT 2012"]
[Source "ChessBase"]
[SourceDate "2011.11.24"]
[SourceVersion "1"]
[SourceVersionDate "2011.11.24"]
[SourceQuality "1"]

1. c4 Nf6 2. Nc3 c5 3. Nf3 Nc6 4. d4 cxd4 5. Nxd4 g6 6. e4 Bg7 7. Be3 0-0 8. Be2 d6 9. 0-0 Bd7 10. Qd2 Ng4 11. Bxg4 Bxg4 12. f3 Be6 13. Nxe6 fxe6 14. Rac1 Qa5 15. a3 Rac8 16. f4 a6 17. Qf2 Rf7 18. Bb6 Qh5 19. Qd2 Na5 20. Bxa5 Qxa5 21. Qe2 Qc5+ 22. Kh1 Qxc4 23. Qf3 Qb3 24. Nd1 1-0

[Event "Lippe Cup 01st"]
[Site "Lieme"]
[Date "2004.10.22"]
[Round "1"]
[White "Boie, Ludwig"]
[Black "Widmann, Volker"]
[Result "1-0"]
[WhiteElo "1818"]
[BlackElo "2144"]
[PlyCount "93"]
[EventDate "2004.10.22"]
[EventType "swiss"]
[EventRounds "5"]
[EventCountry "GER"]
[SourceTitle "EXT 2012"]
[Source "ChessBase"]
[SourceDate "2011.11.24"]
[SourceVersion "1"]
[SourceVersionDate "2011.11.24"]
[SourceQuality "1"]

1. d4 d5 2. c4 e6 3. Nc3 c6 4. e3 f5 5. f4 Nf6 6. Nf3 Bd6 7. Bd3 0-0 8. 0-0 b6 9. b3 Nbd7 10. Ne5 Bb7 11. Bb2 Ne4 12. Rc1 Rf6 13. cxd5 exd5 14. Nxe4 fxe4 15. Be2 Bxe5 16. dxe5 Rh6 17. g3 Qe7 18. Bg4 Nf8 19. f5 Qg5 20. Qe2 c5 21. h4 Qd8 22. h5 Qg5 23. Rf4 Nd7 24. Qf2 Rf8 25. f6 Nxf6 26. exf6 gxf6 27. Be2 Bc8 28. Rf1 Bh3 29. Rd1 Be6 30. Qh2 Kf7 31. Rdf1 Ke7 32. Qh4 Qxh4 33. Rxh4 Rg8 34. Kh2 Rg5 35. Rhf4 f5 36. g4 Rxg4 37. Bxg4 fxg4 38. Kg3 Rxh5 39. Bf6+ Kd6 40. Bh4 Ke5 41. Rf8 Rf5 42. Bf6+ Kd6 43. Rxf5 Bxf5 44. Kf4 Bd7 45. Rh8 a5 46. Rxh7 b5 47. Be7+ 1-0